Online Catalogue and eLibrary

Women Work and Exploitation (Record no. 2650)

MARC details
000 -LEADER
fixed length control field 00352nam a2200133Ia 4500
005 - DATE AND TIME OF LATEST TRANSACTION
control field 20240429021655.0
008 - FIXED-LENGTH DATA ELEMENTS--GENERAL INFORMATION
fixed length control field 240331s9999 xx 000 0 und d
082 ## - DDC Classification
Item Number - Author Mark WOM
Class No. 331.4
245 #0 - TITLE STATEMENT
Title Women Work and Exploitation
Statement of responsibility, etc. Women's Education Centre
260 ## - PUBLICATION, DISTRIBUTION, ETC.
Place of publication, distribution, etc. Colombo
Name of publisher, distributor, etc. Women's Education Centre
Date of publication, distribution, etc. 1984
300 ## - PHYSICAL DESCRIPTION
Extent (e.g. Volumes, Pages etc.) 24 p .,
650 ## - SUBJECT ADDED ENTRY--TOPICAL TERM
Topical term or geographic name entry element Women
942 ## - Koha item type (Biblio)
Koha item type Books in Stacks (Lending)
Holdings
Lost status Damaged status Collection code Home library Current library Shelving location Date acquired Full call number Accession Number Item type
    Lending WERC Library WERC Library Social Science Cupboard 03/31/2024 331.4 WOM 399 Books in Stacks (Lending)

© WERC Library